Apartmány Technik

Na minha lista:
Detalhes bibliográficos
Autor principal: Veselá, Andrea (Author)
Outros Autores: Botek, Andrej, 1957- (Thesis advisor)
Formato: Manuscrito Livro
Idioma:eslovaco
Publicado em: Bratislava 2015
Assuntos:
Acesso em linha:http://is.stuba.sk/zp/portal_zp.pl?podrobnosti=83263
Tags: Adicionar Tag
Sem tags, seja o primeiro a adicionar uma tag!

MARC

LEADER 00000ntm a22000003a 4500
001 stuzp52738
003 SK-STU
005 20210226072321.4
007 ta
008 150427s2015----xo-----f-mn---000-0-slo-d
040 |a STU  |b slo 
041 0 |a slo 
100 1 |a Veselá, Andrea  |u 053130  |4 aut  |U FAD Fakulta architektúry  |T FA Ústav dejín a teórie architektúry a obnovy pamiatok  |X 43789  |U A3130  |Y 394  |7 43789 
242 0 1 |a Apartmány Technik  |y eng 
245 1 0 |a Apartmány Technik 
260 |c 2015  |a Bratislava 
650 4 |a technik  |2 slo 
650 4 |a apartmany  |2 slo 
650 4 |a studenti  |2 slo 
650 4 |a student  |2 eng 
650 4 |a habitat  |2 eng 
650 4 |a living  |2 eng 
700 1 |a Botek, Andrej,  |d 1957-  |4 ths  |X 351  |7 A000000351 
856 4 |u http://is.stuba.sk/zp/portal_zp.pl?podrobnosti=83263  |u https://opac.crzp.sk/?fn=detailBiblioForm&sid=1080C1D973035A08742381E98A31 
SQL |a stuzp52738  |b DBP  |c SLO  |d Apartmány Technik  |e 43789  |f Veselá, Andrea  |g 053130  |h 351  |i Botek, Andrej  |j 20150611  |k 149  |l 05  |m http://is.stuba.sk/zp/portal_zp.pl?podrobnosti=83263  |n B-AU  |o 5.1.1. architektúra a urbanizmus